[Event "Oberliga Ost-A 1920"]
[Site "Germany"]
[Date "2020.03.01"]
[Round "9.4"]
[White "Niering, Martin"]
[Black "Beyer, Christof"]
[Result "0-1"]
[WhiteElo "2196"]
[BlackElo "2013"]
[PlyCount "106"]
[EventDate "2019.09.29"]
[EventType "team-tourn"]
[EventRounds "11"]
[EventCountry "GER"]
[SourceTitle "EXT 2023"]
[Source "ChessBase"]
[SourceDate "2022.10.05"]
[SourceVersion "1"]
[SourceVersionDate "2022.10.05"]
[SourceQuality "1"]
[WhiteTeam "Magdeburg Rochade"]
[BlackTeam "Plauen Koenig II"]
[WhiteTeamCountry "GER"]
[BlackTeamCountry "GER"]

1. e4 c5 2. Nc3 Nc6 3. Bb5 g6 4. f4 Nd4 5. Nf3 Nxb5 6. Nxb5 Bg7 7. 0-0 a6 8. Nc3 e6 9. d3 Ne7 10. Be3 b6 11. Bf2 Qc7 12. Bg3 d6 13. Qe2 0-0 14. Rae1 Bb7 15. Nd1 b5 16. c3 Qb6 17. Bh4 Rfe8 18. Qf2 b4 19. c4 Nc6 20. Kh1 Qa5 21. b3 Nd4 22. Qd2 Qc7 23. Ne3 Nxf3 24. gxf3 Bc3 25. Qg2 Bxe1 26. Rxe1 f5 27. Bf6 Qf7 28. Ba1 Kf8 29. Qg5 Re7 30. Bf6 Ree8 31. Kg2 e5 32. Nxf5 Re6 33. Bh8 Qg8 34. Nxd6 Rxd6 35. Bxe5 Rxd3 36. Qf6+ Qf7 37. Qb6 Rd2+ 38. Kg3 Rc8 39. Bd6+ Kg8 40. Bxc5 Qc7 41. Qxb4 Rxa2 42. Rd1 a5 43. Qb6 Qc6 44. Qxc6 Bxc6 45. Rd6 Bxe4 46. Bd4 Bc6 47. Be5 Ra3 48. Kg4 Rxb3 49. Kg5 Rb7 50. h4 Rf7 51. Bf6 Bxf3 52. Kh6 Rxf6 53. Rxf6 Rc5 0-1

[Event "Oberliga Ost-A 1920"]
[Site "Germany"]
[Date "2019.12.08"]
[Round "5.3"]
[White "Beyer, Christof"]
[Black "Mertens, Fridolin"]
[Result "1/2-1/2"]
[WhiteElo "2013"]
[BlackElo "2142"]
[PlyCount "36"]
[EventDate "2019.09.29"]
[EventType "team-tourn"]
[EventRounds "11"]
[EventCountry "GER"]
[SourceTitle "EXT 2021"]
[Source "ChessBase"]
[SourceDate "2020.10.23"]
[SourceVersion "1"]
[SourceVersionDate "2020.10.23"]
[SourceQuality "1"]
[WhiteTeam "Plauen Koenig II"]
[BlackTeam "Loeberitz"]
[WhiteTeamCountry "GER"]
[BlackTeamCountry "GER"]

1. e4 c5 2. Nf3 e6 3. d4 cxd4 4. Nxd4 Nc6 5. Nc3 Qc7 6. Be3 a6 7. a3 Nf6 8. f4 d6 9. Qf3 Bd7 10. 0-0-0 Nxd4 11. Rxd4 Bc6 12. g4 d5 13. e5 Nd7 14. Bf2 Bc5 15. Rd2 Bxf2 16. Rxf2 Nc5 17. Bd3 0-0-0 18. Re1 d4 1/2-1/2

[Event "Pardubice Czech op-B 30th"]
[Site "Pardubice"]
[Date "2019.07.27"]
[Round "9"]
[White "Beyer, Christof"]
[Black "Balenovic, Zvonimir"]
[Result "0-1"]
[WhiteElo "1997"]
[BlackElo "2106"]
[PlyCount "108"]
[EventDate "2019.07.19"]
[EventType "swiss"]
[EventRounds "9"]
[EventCountry "CZE"]
[SourceTitle "EXT 2020"]
[Source "ChessBase"]
[SourceDate "2019.10.17"]
[SourceVersion "1"]
[SourceVersionDate "2019.10.17"]
[SourceQuality "1"]

1. e4 c5 2. Nf3 e6 3. d4 cxd4 4. Nxd4 a6 5. c4 Nf6 6. Nc3 d6 7. Be3 Qc7 8. Rc1 Be7 9. Be2 0-0 10. 0-0 Nbd7 11. f3 b6 12. a3 Bb7 13. Qd2 Rfd8 14. b4 Rac8 15. Nb3 Qb8 16. Rfd1 Bc6 17. Bf4 Ne5 18. Qe1 Be8 19. c5 bxc5 20. Bxa6 cxb4 21. Bxc8 bxc3 22. Bxe5 Rxc8 23. Bxc3 Qxb3 24. Bb4 Rxc1 25. Rxc1 Bd7 26. Qd2 e5 27. Rd1 Ba4 28. Rc1 h6 29. Rc7 Qe6 30. Ra7 Bd7 31. a4 d5 32. Bxe7 Qxe7 33. exd5 Qc5+ 34. Qf2 Qxd5 35. a5 Bb5 36. h3 e4 37. Qe3 exf3 38. gxf3 Qd1+ 39. Kh2 Qf1 40. Ra8+ Kh7 41. Rd8 Bd7 42. Rxd7 Nxd7 43. Qe4+ g6 44. Qd5 Qe2+ 45. Kh1 Ne5 46. a6 Qf1+ 47. Kh2 Nxf3+ 48. Kg3 Ng5 49. Qb7 Qg1+ 50. Kf4 Qd4+ 51. Kg3 Qe3+ 52. Kg2 Qe2+ 53. Kh1 Kg7 54. a7 Nf3 0-1

[Event "Pardubice Czech op-B 30th"]
[Site "Pardubice"]
[Date "2019.07.25"]
[Round "7"]
[White "You, Haneul"]
[Black "Beyer, Christof"]
[Result "1/2-1/2"]
[WhiteElo "1756"]
[BlackElo "1997"]
[PlyCount "40"]
[EventDate "2019.07.19"]
[EventType "swiss"]
[EventRounds "9"]
[EventCountry "CZE"]
[SourceTitle "EXT 2020"]
[Source "ChessBase"]
[SourceDate "2019.10.17"]
[SourceVersion "1"]
[SourceVersionDate "2019.10.17"]
[SourceQuality "1"]

1. e4 c5 2. Nc3 Nc6 3. f4 g6 4. Nf3 Bg7 5. Bc4 e6 6. 0-0 Nge7 7. d3 0-0 8. Qe1 d5 9. Bb3 Nd4 10. e5 Nef5 11. Nxd4 Nxd4 12. Ne2 Nxe2+ 13. Qxe2 f6 14. Bd2 Qc7 15. Rae1 Bd7 16. c3 fxe5 17. fxe5 Rxf1+ 18. Kxf1 Qb6 19. Kg1 Rf8 20. Rf1 Rxf1+ 1/2-1/2

[Event "Pardubice Czech op-B 30th"]
[Site "Pardubice"]
[Date "2019.07.24"]
[Round "6"]
[White "Beyer, Christof"]
[Black "Novotny, Jaroslav"]
[Result "1/2-1/2"]
[WhiteElo "1997"]
[BlackElo "2183"]
[PlyCount "60"]
[EventDate "2019.07.19"]
[EventType "swiss"]
[EventRounds "9"]
[EventCountry "CZE"]
[SourceTitle "EXT 2020"]
[Source "ChessBase"]
[SourceDate "2019.10.17"]
[SourceVersion "1"]
[SourceVersionDate "2019.10.17"]
[SourceQuality "1"]

1. e4 e6 2. d4 d5 3. Nc3 Bb4 4. exd5 exd5 5. Bd3 Nf6 6. Nge2 0-0 7. 0-0 c5 8. dxc5 Bxc5 9. Bg5 Be6 10. Ng3 Nc6 11. Qd2 Re8 12. Qf4 Be7 13. Nf5 Bxf5 14. Qxf5 g6 15. Qh3 d4 16. Bxf6 Bxf6 17. Ne4 Bg7 18. f4 Qd5 19. Rae1 f5 20. Bc4 Qxc4 21. Nd6 Qxc2 22. Rxe8+ Rxe8 23. Nxe8 Qxb2 24. Nxg7 Kxg7 25. a3 Qc2 26. Qf3 Qe4 27. Qb3 b6 28. g3 d3 29. Rd1 Qe3+ 30. Kg2 Qe2+ 1/2-1/2

[Event "Pardubice Czech op-B 29th"]
[Site "Pardubice"]
[Date "2018.07.27"]
[Round "8"]
[White "Beyer, Christof"]
[Black "Rozmanov, Aleksandr"]
[Result "0-1"]
[WhiteElo "2001"]
[BlackElo "2075"]
[PlyCount "68"]
[EventDate "2018.07.20"]
[EventType "swiss"]
[EventRounds "9"]
[EventCountry "CZE"]
[SourceTitle "CBM 186 Extra"]
[Source "ChessBase"]
[SourceDate "2018.08.24"]
[SourceVersion "1"]
[SourceVersionDate "2018.08.24"]
[SourceQuality "1"]

1. e4 e5 2. Nf3 Nc6 3. Bc4 Bc5 4. 0-0 Nf6 5. d3 d6 6. c3 a6 7. Bb3 Ba7 8. Nbd2 0-0 9. Re1 Ne7 10. Nc4 Ng6 11. Be3 b5 12. Na3 Be6 13. Nc2 Re8 14. Nb4 c5 15. Nc6 Qc7 16. Nxa7 Rxa7 17. Bg5 Qe7 18. Nh4 Nxh4 19. Bxh4 h6 20. Bxe6 fxe6 21. d4 exd4 22. cxd4 g5 23. Bg3 e5 24. dxe5 dxe5 25. Qc2 Rd8 26. Qc3 Rd4 27. f3 Rad7 28. Rac1 c4 29. Re2 Nh5 30. Rec2 Qc5 31. Kf1 Nxg3+ 32. hxg3 Rd1+ 33. Ke2 R7d3 34. Rxd1 Qe3+ 0-1

[Event "Oberliga Ost-A 1415"]
[Site "Germany"]
[Date "2014.10.18"]
[Round "2.8"]
[White "Kuna, Ralf Michael"]
[Black "Beyer, Christof"]
[Result "1/2-1/2"]
[WhiteElo "2162"]
[BlackElo "1940"]
[PlyCount "32"]
[EventDate "2014.09.21"]
[EventType "team-tourn"]
[EventRounds "11"]
[EventCountry "GER"]
[SourceTitle "EXT 2016"]
[Source "ChessBase"]
[SourceDate "2015.10.08"]
[SourceVersion "1"]
[SourceVersionDate "2015.10.08"]
[SourceQuality "1"]
[WhiteTeam "Magdeburg Rochade"]
[BlackTeam "Plauen Koenig"]
[WhiteTeamCountry "GER"]
[BlackTeamCountry "GER"]

1. e4 c5 2. Nf3 Nc6 3. d4 cxd4 4. Nxd4 Nf6 5. Nc3 e5 6. Ndb5 d6 7. Bg5 a6 8. Bxf6 gxf6 9. Na3 b5 10. Nd5 Bg7 11. Bd3 Ne7 12. Nxe7 Qxe7 13. c4 f5 14. cxb5 d5 15. bxa6 0-0 16. 0-0 fxe4 1/2-1/2

[Event "Oberliga Ost-A 1213"]
[Site "Germany"]
[Date "2013.04.13"]
[Round "10.8"]
[White "Gempe, Anet"]
[Black "Beyer, Christof"]
[Result "0-1"]
[WhiteElo "2009"]
[BlackElo "2027"]
[PlyCount "82"]
[EventDate "2012.10.14"]
[EventType "team-tourn"]
[EventRounds "11"]
[EventCountry "GER"]
[SourceTitle "EXT 2014"]
[Source "ChessBase"]
[SourceDate "2013.11.20"]
[SourceVersion "1"]
[SourceVersionDate "2013.11.20"]
[SourceQuality "1"]
[WhiteTeam "Leipzig SG II"]
[BlackTeam "Plauen Koenig"]
[WhiteTeamCountry "GER"]
[BlackTeamCountry "GER"]

1. e4 c5 2. Nf3 Nc6 3. d4 cxd4 4. Nxd4 Nf6 5. Nc3 e5 6. Ndb5 d6 7. Bg5 a6 8. Na3 b5 9. Nd5 Be7 10. Bxf6 Bxf6 11. c3 0-0 12. Nxf6+ Qxf6 13. Be2 Ne7 14. Nc2 Bb7 15. Bf3 Qg6 16. Qe2 d5 17. exd5 Nxd5 18. 0-0-0 Nf4 19. Qxe5 Bxf3 20. Qxf4 Bxd1 21. Rxd1 Rad8 22. Rg1 Rfe8 23. Ne3 Qe6 24. b3 Rd3 25. c4 bxc4 26. bxc4 Qe7 27. Rd1 Qa3+ 28. Kb1 Qb4+ 29. Ka1 Rxd1+ 30. Nxd1 Re1 31. Qd4 h6 32. Qd8+ Kh7 33. Qd3+ g6 34. Qd5 Kg8 35. Qd8+ Qf8 36. Qd2 Qe7 37. Kb1 Qe4+ 38. Ka1 Qe5+ 39. Kb1 Qe4+ 40. Ka1 Qxc4 41. Kb1 Re2 0-1

[Event "Oberliga Ost-A 1213"]
[Site "Germany"]
[Date "2013.01.13"]
[Round "5.7"]
[White "Beyer, Christof"]
[Black "Poenisch, Johannes"]
[Result "1-0"]
[WhiteElo "2027"]
[BlackElo "1945"]
[PlyCount "79"]
[EventDate "2012.10.14"]
[EventType "team-tourn"]
[EventRounds "11"]
[EventCountry "GER"]
[SourceTitle "EXT 2014"]
[Source "ChessBase"]
[SourceDate "2013.11.20"]
[SourceVersion "1"]
[SourceVersionDate "2013.11.20"]
[SourceQuality "1"]
[WhiteTeam "Plauen Koenig"]
[BlackTeam "Coswig"]
[WhiteTeamCountry "GER"]
[BlackTeamCountry "GER"]

1. e4 c5 2. Nf3 e6 3. d4 cxd4 4. Nxd4 Nf6 5. Nc3 Nc6 6. Ndb5 Bb4 7. a3 Bxc3+ 8. Nxc3 d5 9. exd5 exd5 10. Bd3 0-0 11. 0-0 h6 12. Bf4 Bg4 13. Qd2 Qd7 14. h3 Be6 15. Rad1 Rad8 16. Rfe1 Rfe8 17. Bxh6 Bxh3 18. gxh3 Qxh3 19. Bf4 Ne4 20. Qe3 Qg4+ 21. Bg3 d4 22. Qe2 Qxe2 23. Nxe2 f5 24. Kg2 g5 25. f3 Nxg3 26. Nxg3 f4 27. Ne4 Re5 28. Nf6+ Kf7 29. Ng4 Rc5 30. Rh1 b6 31. Rde1 Rd6 32. Rh7+ Kf8 33. Rh8+ Kg7 34. Ree8 Kf7 35. Rc8 Ne7 36. Rh7+ Ke6 37. Bc4+ Kd7 38. Rxc5 bxc5 39. Ne5+ Ke8 40. Rh8+ 1-0

[Event "BL2-Ost 1112"]
[Site "Germany"]
[Date "2011.12.11"]
[Round "4.5"]
[White "Beyer, Christof"]
[Black "Voekler, Bernd"]
[Result "0-1"]
[WhiteElo "2039"]
[BlackElo "2374"]
[PlyCount "58"]
[EventDate "2011.10.02"]
[EventType "team-tourn"]
[EventRounds "9"]
[EventCountry "GER"]
[SourceTitle "EXT 2015"]
[Source "ChessBase"]
[SourceDate "2014.11.20"]
[SourceVersion "1"]
[SourceVersionDate "2014.11.20"]
[SourceQuality "1"]
[WhiteTeam "Plauen Koenig"]
[BlackTeam "Erfurt"]
[WhiteTeamCountry "GER"]
[BlackTeamCountry "GER"]

1. e4 c5 2. Nf3 d6 3. d4 cxd4 4. Nxd4 Nf6 5. Nc3 a6 6. Bg5 Nbd7 7. Bc4 e6 8. Qe2 h6 9. Bh4 b5 10. Bb3 Nc5 11. f3 Bd7 12. a3 Be7 13. Bf2 Nxb3 14. Nxb3 0-0 15. 0-0 Qc7 16. Rad1 Rfc8 17. Rd2 e5 18. Be3 Rab8 19. Rc1 a5 20. Nd5 Nxd5 21. Rxd5 Be6 22. Rdd1 b4 23. axb4 Rxb4 24. Bd2 Rc4 25. Bxa5 Qa7+ 26. Kh1 Bg5 27. Bd2 Rxc2 28. Rxc2 Rxc2 29. Nc1 Bxd2 0-1

[Event "Pardubice TEV op"]
[Site "Pardubice"]
[Date "2011.07.23"]
[Round "2"]
[White "Gorovets, Andrey"]
[Black "Beyer, Christof"]
[Result "1/2-1/2"]
[WhiteElo "2417"]
[BlackElo "2060"]
[PlyCount "63"]
[EventDate "2011.07.22"]
[EventType "swiss"]
[EventRounds "9"]
[EventCountry "CZE"]
[SourceTitle "EXT 2012"]
[Source "ChessBase"]
[SourceDate "2011.11.24"]
[SourceVersion "1"]
[SourceVersionDate "2011.11.24"]
[SourceQuality "1"]

1. c4 Nf6 2. Nc3 c5 3. Nf3 d5 4. cxd5 Nxd5 5. e3 Nb6 6. d4 e6 7. Bd3 Nc6 8. 0-0 cxd4 9. exd4 Be7 10. a3 0-0 11. Qc2 h6 12. Be3 Bf6 13. Rad1 Qe7 14. Rfe1 Rd8 15. Be4 Qc7 16. Nb5 Qe7 17. d5 Nxd5 18. Bxh6 gxh6 19. Bxd5 Bd7 20. Ba2 Be8 21. Bb1 Bg7 22. Nc3 Qf6 23. h3 Rac8 24. Qh7+ Kf8 25. Qe4 Kg8 26. Nh2 Qg5 27. Ng4 h5 28. Ne3 Nd4 29. h4 Qh6 30. Qxb7 Bc6 31. Qxa7 Qf4 32. Nf1 1/2-1/2

[Event "BL2-Ost 1011"]
[Site "Germany"]
[Date "2011.04.10"]
[Round "9.4"]
[White "Beyer, Christof"]
[Black "Krensing, Jan"]
[Result "0-1"]
[WhiteElo "2069"]
[BlackElo "2292"]
[PlyCount "116"]
[EventDate "2010.10.10"]
[EventType "team-tourn"]
[EventRounds "9"]
[EventCountry "GER"]
[SourceTitle "EXT 2012"]
[Source "ChessBase"]
[SourceDate "2011.11.24"]
[SourceVersion "1"]
[SourceVersionDate "2011.11.24"]
[SourceQuality "1"]
[WhiteTeam "Koenig Plauen"]
[BlackTeam "Bindlach"]
[WhiteTeamCountry "GER"]
[BlackTeamCountry "GER"]

1. e4 e6 2. d4 d5 3. Nc3 Bb4 4. exd5 exd5 5. Bd3 Nc6 6. a3 Bxc3+ 7. bxc3 Nf6 8. Ne2 0-0 9. 0-0 Na5 10. Ng3 Bg4 11. f3 Bd7 12. Bg5 h6 13. Bf4 Re8 14. Re1 Nc4 15. Re2 Rxe2 16. Qxe2 Be6 17. a4 a5 18. Rb1 b6 19. Be5 Ne8 20. Nh5 Qg5 21. Nf4 Nxe5 22. Nxe6 Nxf3+ 23. Kh1 fxe6 24. Qxe6+ Kh8 25. gxf3 Nf6 26. Re1 Qf4 27. Qf5 Qxf5 28. Bxf5 Re8 29. Rxe8+ Nxe8 30. Kg2 g5 31. Kg3 Kg7 32. Be6 Nf6 33. h4 Nh5+ 34. Kg4 Nf4 35. Bd7 Kf6 36. hxg5+ hxg5 37. Bc6 Ne2 38. Bxd5 Nxc3 39. Bc6 b5 40. axb5 a4 41. d5 Ke7 42. b6 cxb6 43. Bxa4 Nxa4 44. Kxg5 Nc3 45. Kf4 Kd6 46. Ke3 Nxd5+ 47. Kd4 Nb4 48. c3 Nd5 49. Kc4 Nc7 50. Kd4 Ke6 51. Ke4 Nb5 52. Kd3 Ke5 53. Kc4 Nd6+ 54. Kb4 Kd5 55. f4 Kc6 56. c4 Nf5 57. Kc3 Kc5 58. Kd3 Nd6 0-1

[Event "BL2-Ost 0809"]
[Site "Germany"]
[Date "2009.03.15"]
[Round "8.8"]
[White "Beyer, Christof"]
[Black "Orsag, Milan"]
[Result "1-0"]
[WhiteElo "2065"]
[BlackElo "2425"]
[PlyCount "111"]
[EventDate "2008.10.05"]
[EventType "team-tourn"]
[EventRounds "9"]
[EventCountry "GER"]
[SourceTitle "CBM 129 Extra"]
[Source "ChessBase"]
[SourceDate "2009.05.05"]
[SourceVersion "2"]
[SourceVersionDate "2009.05.20"]
[SourceQuality "1"]
[WhiteTeam "Plauen Koenig"]
[BlackTeam "Forchheim"]
[WhiteTeamCountry "GER"]
[BlackTeamCountry "GER"]

1. e4 c5 2. Nf3 e6 3. c4 Nc6 4. Nc3 e5 5. d4 d6 6. Be2 Be7 7. Nd2 f5 8. exf5 Bxf5 9. Nde4 Nf6 10. Bh5+ Nxh5 11. Qxh5+ Bg6 12. Qd1 0-0 13. Be3 Rb8 14. 0-0 a6 15. Qa4 Nb4 16. Qd1 b5 17. b3 Qd7 18. a3 Nc6 19. Qd2 Bd8 20. f3 Ba5 21. Qc2 Bxc3 22. Nxc3 h6 23. Ne4 Kh8 24. Rab1 a5 25. Rfc1 Rb7 26. Rf1 Rfb8 27. Rfc1 Bf7 28. Rf1 a4 29. bxa4 b4 30. axb4 Nxb4 31. Qd2 Kh7 32. Bxh6 Bg6 33. Be3 Bxe4 34. fxe4 Qxa4 35. Qf2 Qd7 36. Qh4+ Kg8 37. Rbd1 Ra7 38. Rf5 Qe7 39. Bg5 Qe6 40. Qh3 Qg6 41. Rdf1 Nc2 42. Bc1 Ra1 43. Rg5 Qe8 44. Rh5 Qxh5 45. Qxh5 Rbb1 46. Qf7+ Kh7 47. Rf5 Rxc1+ 48. Kf2 Rf1+ 49. Kg3 Rxf5 50. Qxf5+ g6 51. Qf7+ Kh6 52. Qf8+ Kh7 53. Qxd6 Rd1 54. Kg4 Rd2 55. Qe7+ Kg8 56. g3 1-0

[Event "Pardubice op-B2"]
[Site "Pardubice"]
[Date "2006.07.29"]
[Round "9"]
[White "Maslak, Alexander"]
[Black "Beyer, Christof"]
[Result "1-0"]
[WhiteElo "2187"]
[BlackElo "2053"]
[PlyCount "74"]
[EventDate "2006.07.21"]
[EventType "swiss"]
[EventRounds "9"]
[EventCountry "CZE"]
[SourceTitle "CBM 113 Extra"]
[Source "ChessBase"]
[SourceDate "2006.09.14"]
[SourceVersion "1"]
[SourceVersionDate "2006.09.14"]
[SourceQuality "1"]

1. d4 Nf6 2. c4 c5 3. Nf3 g6 4. Nc3 cxd4 5. Nxd4 Bg7 6. e4 d6 7. Be2 Nc6 8. Be3 0-0 9. 0-0 Bd7 10. f3 Nxd4 11. Bxd4 Bc6 12. Qd2 Nd7 13. Be3 Nc5 14. Rac1 a5 15. Rfd1 f5 16. exf5 Rxf5 17. Nd5 Bxd5 18. cxd5 b6 19. Rb1 Rf8 20. b3 Qd7 21. Bd3 Rfc8 22. Rdc1 Rc7 23. a4 Nxd3 24. Rxc7 Qxc7 25. Qxd3 Rb8 26. Rc1 Qd8 27. Rc6 Bb2 28. Qb5 Ba3 29. Rxb6 Rxb6 30. Qxb6 Qxb6 31. Bxb6 Bb4 32. Kf2 Kf7 33. Ke3 e5 34. g4 Ke7 35. Kd3 Kd7 36. Kc4 g5 37. Kb5 Bd2 1-0